[Event "I Memorial Oliver Gonzalez Somoza"]
[Site "Madrid ESP"]
[Date "2010.10.17"]
[Round "9.49"]
[White "Martin-Consuegra Barrilero, Javier"]
[Black "Calderon Martin, Antonio"]
[Result "1/2-1/2"]
[WhiteElo "1930"]
[BlackElo "1745"]
[PlyCount "138"]
[EventDate "2010.10.09"]
[EventType "swiss"]
[EventRounds "9"]
[EventCountry "ESP"]
[Source "lmi"]
[SourceDate "2010.10.09"]

1. d4 Nf6 2. Nf3 e6 3. a3 b6 4. Bg5 Bb7 5. Nbd2 Be7 6. h3 d6 7. e3 O-O 8. Bd3
Nbd7 9. Bf4 Re8 10. e4 c5 11. c3 c4 12. Nxc4 Nxe4 13. Bxe4 Bxe4 14. Nxd6 Bxd6
15. Bxd6 Nf6 16. Bh2 Qd5 17. O-O Bxf3 18. Qxf3 Qxf3 19. gxf3 Rac8 20. Rfe1 Red8
21. a4 Rd5 22. Re5 a6 23. Rxd5 Nxd5 24. Kf1 f5 25. Be5 g5 26. Ke2 Kf7 27. Kd3
Nf4+ 28. Bxf4 gxf4 29. Rg1 b5 30. a5 Rd8 31. h4 Rc8 32. b3 Rd8 33. h5 h6 34. c4
bxc4+ 35. bxc4 Rb8 36. Kc3 Ke7 37. Rg6 Rb1 38. Rxh6 Rf1 39. Rh7+ Kf6 40. Ra7
Rxf2 41. h6 Rxf3+ 42. Kd2 Rh3 43. h7 Kg5 44. Rxa6 Rxh7 45. Rxe6 Rh2+ 46. Re2
Rh3 47. c5 f3 48. Rf2 Kg4 49. c6 Kg3 50. Ke1 f4 51. c7 Rh1+ 52. Kd2 Kxf2 53.
c8=Q Re1 54. Qh3 Re2+ 55. Kd3 Re3+ 56. Kc4 Ke2 57. Qg4 Ra3 58. Kb4 Rd3 59. Kc5
Ke3 60. Qe6+ Kf2 61. a6 Re3 62. Qg4 Ra3 63. Qh4+ Ke2 64. Qe7+ Re3 65. a7 Rxe7
66. a8=Q f2 67. Qa6+ Kf3 68. Qf1 Re1 69. Qh3+ Ke2 1/2-1/2

[Event "I Memorial Oliver Gonzalez Somoza"]
[Site "Madrid ESP"]
[Date "2010.10.17"]
[Round "9.50"]
[White "Fernandez Gil, Ruben Carlos"]
[Black "Garcia Serrano, Jose Manuel"]
[Result "0-1"]
[WhiteElo "1719"]
[BlackElo "1926"]
[PlyCount "44"]
[EventDate "2010.10.09"]
[EventType "swiss"]
[EventRounds "9"]
[EventCountry "ESP"]
[Source "lmi"]
[SourceDate "2010.10.09"]

1. e4 e5 2. Nf3 Nc6 3. Bb5 a6 4. Ba4 Nf6 5. O-O b5 6. Bb3 Be7 7. Re1 O-O 8. c3
d5 9. exd5 Nxd5 10. Nxe5 Nxe5 11. Rxe5 Nf6 12. h3 Bd6 13. Re1 Ng4 14. Qf3 Qh4
15. Re8 Bb7 16. Rxf8+ Rxf8 17. Qxg4 Re8 18. Kf1 Qe7 19. Qd1 Qe4 20. f3 Qd3+ 21.
Kg1 Bg3 22. Bc2 Qxc2 0-1

[Event "I Memorial Oliver Gonzalez Somoza"]
[Site "Madrid ESP"]
[Date "2010.10.17"]
[Round "9.51"]
[White "Rodriguez Bachiller, Luis"]
[Black "Franco Rincon, David"]
[Result "0-1"]
[WhiteElo "1903"]
[BlackElo "1770"]
[PlyCount "155"]
[EventDate "2010.10.09"]
[EventType "swiss"]
[EventRounds "9"]
[EventCountry "ESP"]
[Source "lmi"]
[SourceDate "2010.10.09"]

1. c4 e5 2. d3 Nf6 3. g3 c6 4. Bg2 Bc5 5. Nf3 O-O 6. O-O d6 7. Nc3 Bb6 8. Qc2
Be6 9. b3 Nbd7 10. Ng5 Bf5 11. e4 Bg6 12. Na4 Bc7 13. f4 exf4 14. Bxf4 h6 15.
Nf3 Re8 16. Rae1 Nh5 17. Be3 Bh7 18. Nh4 Ne5 19. Nf5 Nf6 20. Qd2 Nfg4 21. Bd4
c5 22. Bb2 Ba5 23. Bc3 Bxc3 24. Nxc3 Nf6 25. Re2 Bxf5 26. Rxf5 Kh7 27. Ref2
Neg4 28. Rf1 Re5 29. R5f4 Rg5 30. Ne2 Ne5 31. Kh1 Qd7 32. Rh4 Rh5 33. Bh3 Qe7
34. Rxh5 Nxh5 35. Rf5 g6 36. Rf1 Rf8 37. d4 Nc6 38. Bg2 Ng7 39. dxc5 dxc5 40.
Nc3 f5 41. Nd5 Qe5 42. exf5 Rxf5 43. Re1 Qd4 44. Qxd4 cxd4 45. Kg1 Rf7 46. b4
a6 47. a4 Nf5 48. Rf1 Kg7 49. g4 Nd6 50. c5 Nc4 51. Rxf7+ Kxf7 52. b5 axb5 53.
axb5 N6a5 54. Nb4 Ke7 55. Be4 Ne5 56. h3 g5 57. Kf2 Kd7 58. Ke2 Nb3 59. c6+
bxc6 60. bxc6+ Kd6 61. Kd1 Na5 62. Kd2 Naxc6 63. Nxc6 Nxc6 64. Kd3 Nd8 65. Kxd4
Ne6+ 66. Ke3 Ke5 67. Bg2 Nf4 68. Bf1 Nd5+ 69. Kf3 Kd4 70. Kg3 Nc3 71. Kf3 Ne4
72. Ba6 Ke5 73. Bd3 Nc5 74. Bc2 Kd4 75. Kg3 Ne4+ 76. Kf3 Nd2+ 77. Kg2 Ke3 78.
Bg6 0-1

[Event "I Memorial Oliver Gonzalez Somoza"]
[Site "Madrid ESP"]
[Date "2010.10.17"]
[Round "9.52"]
[White "Valderrama Arroyo, Victor"]
[Black "Montoya Pecurul, Marc"]
[Result "1-0"]
[WhiteElo "1886"]
[BlackElo "1629"]
[PlyCount "101"]
[EventDate "2010.10.09"]
[EventType "swiss"]
[EventRounds "9"]
[EventCountry "ESP"]
[Source "lmi"]
[SourceDate "2010.10.09"]

1. d4 d5 2. c4 c6 3. e3 Nf6 4. Nc3 Bf5 5. Nf3 e6 6. Be2 Be7 7. Nh4 Bg6 8. Nxg6
hxg6 9. cxd5 cxd5 10. Qb3 Qc7 11. Bd2 Nbd7 12. Nb5 Qb6 13. Qa4 O-O 14. Ba5 Qc6
15. O-O a6 16. Rfc1 axb5 17. Bxb5 Rxa5 18. Qxa5 Qd6 19. Qc7 Rb8 20. Rc2 Kf8 21.
Rac1 Qxc7 22. Rxc7 Ke8 23. g4 Bd6 24. Rc8+ Rxc8 25. Rxc8+ Ke7 26. f3 g5 27. Bd3
Nb6 28. Rc3 Nbd7 29. Rb3 e5 30. Bb5 exd4 31. exd4 Bf4 32. Kg2 g6 33. Bxd7 Nxd7
34. Rxb7 Be3 35. Rb4 Nf8 36. Rb7+ Kf6 37. b4 Bxd4 38. a4 Ne6 39. a5 Nd8 40. Rd7
Ne6 41. a6 Nf4+ 42. Kf1 Ke6 43. a7 Bxa7 44. Rxa7 d4 45. b5 Kd5 46. Rc7 Kd6 47.
b6 Nd5 48. Rxf7 Nxb6 49. Rf6+ Kc5 50. Rxg6 Kc4 51. Rxb6 1-0

[Event "I Memorial Oliver Gonzalez Somoza"]
[Site "Madrid ESP"]
[Date "2010.10.17"]
[Round "9.53"]
[White "Marcos Herrero, Francisco"]
[Black "Sanchez Lopez, Maria"]
[Result "1-0"]
[WhiteElo "1880"]
[BlackElo "1574"]
[PlyCount "75"]
[EventDate "2010.10.09"]
[EventType "swiss"]
[EventRounds "9"]
[EventCountry "ESP"]
[Source "lmi"]
[SourceDate "2010.10.09"]

1. Nf3 Nf6 2. c4 g6 3. g3 Bg7 4. Nc3 O-O 5. Bg2 d6 6. d4 c5 7. d5 Na6 8. O-O
Nc7 9. e4 Bg4 10. Qc2 Bxf3 11. Bxf3 e6 12. Be3 exd5 13. cxd5 Re8 14. a4 b6 15.
Be2 a6 16. f3 Nfxd5 17. Nxd5 Nxd5 18. Bd2 Bd4+ 19. Kg2 Nc7 20. Bc3 Bxc3 21.
Qxc3 Ne6 22. Bc4 Nd4 23. b4 Qd7 24. Rfd1 Re5 25. Ra2 Rh5 26. Rd3 Nc6 27. Bd5
Nxb4 28. Bxa8 Nxa2 29. Qb2 Nb4 30. Rd2 Qc8 31. Rxd6 Qxa8 32. Qf6 Nc6 33. Rxc6
Qe8 34. Rd6 Rf5 35. exf5 Qe2+ 36. Kh3 Qf1+ 37. Kh4 Qc4+ 38. g4 1-0

[Event "I Memorial Oliver Gonzalez Somoza"]
[Site "Madrid ESP"]
[Date "2010.10.17"]
[Round "9.54"]
[White "Suarez Triguero, Jose Alfonso"]
[Black "Nieto Esteban, Manuel"]
[Result "1-0"]
[WhiteElo "2099"]
[BlackElo "1823"]
[PlyCount "115"]
[EventDate "2010.10.09"]
[EventType "swiss"]
[EventRounds "9"]
[EventCountry "ESP"]
[Source "lmi"]
[SourceDate "2010.10.09"]

1. e4 e5 2. Bc4 Nf6 3. d4 exd4 4. Nf3 Bc5 5. O-O O-O 6. Nxd4 Nxe4 7. Nc3 Nxc3
8. bxc3 d5 9. Bd3 Nc6 10. Be3 Nxd4 11. cxd4 Bd6 12. Qh5 g6 13. Qh6 Re8 14. Bg5
Be7 15. f4 Bxg5 16. fxg5 Qe7 17. Qh4 Be6 18. Rae1 Qf8 19. Qf4 Qd6 20. Qf2 b6
21. h4 c5 22. c3 Qe7 23. Qf4 Rad8 24. h5 Kg7 25. Qe5+ Kg8 26. hxg6 hxg6 27. Rf6
Qd6 28. Bxg6 Qxe5 29. Rxe5 fxg6 30. Rxg6+ Kf7 31. Rf6+ Kg7 32. Rfxe6 Rxe6 33.
Rxe6 Kf7 34. Rc6 cxd4 35. cxd4 Rd7 36. Kh2 Kg7 37. Kg3 Rf7 38. Kg4 Rf2 39. Rc7+
Kg6 40. Rc6+ Kg7 41. Kh5 Rxg2 42. Rc7+ Kg8 43. Rxa7 Rd2 44. Kg6 Kf8 45. Kf6
Rf2+ 46. Ke6 Rg2 47. Kxd5 Rxg5+ 48. Ke6 Rg6+ 49. Kf5 Rd6 50. Ke5 Rh6 51. d5 Ke8
52. a4 Kd8 53. d6 Rh5+ 54. Ke6 Rh6+ 55. Kd5 Rh5+ 56. Kc6 Ra5 57. Rxa5 bxa5 58.
d7 1-0

[Event "I Memorial Oliver Gonzalez Somoza"]
[Site "Madrid ESP"]
[Date "2010.10.17"]
[Round "9.55"]
[White "Rives Higueras, Alan"]
[Black "Tevar Becerra, Alvaro"]
[Result "1-0"]
[WhiteElo "2012"]
[BlackElo "1449"]
[PlyCount "47"]
[EventDate "2010.10.09"]
[EventType "swiss"]
[EventRounds "9"]
[EventCountry "ESP"]
[Source "lmi"]
[SourceDate "2010.10.09"]

1. e4 e5 2. Nf3 Nc6 3. d4 Nxd4 4. Nxe5 Bc5 5. c3 Ne6 6. Bc4 Qf6 7. Nf3 d6 8.
O-O Ne7 9. Nbd2 O-O 10. e5 Qf5 11. Nb3 Rd8 12. Nxc5 Nxc5 13. exd6 Rxd6 14. Qe2
Be6 15. Bxe6 Qxe6 16. Qb5 b6 17. Bf4 Rd7 18. Nd4 Qd5 19. Rfe1 Re8 20. Re5 Qd6
21. Rxc5 Qxc5 22. Qxd7 Rc8 23. Re1 Qh5 24. Qxc8+ 1-0

[Event "I Memorial Oliver Gonzalez Somoza"]
[Site "Madrid ESP"]
[Date "2010.10.17"]
[Round "9.56"]
[White "Illan Gomez, Miguel"]
[Black "Garcia Martin, Juan Manuel"]
[Result "0-1"]
[WhiteElo "1804"]
[BlackElo "2009"]
[PlyCount "72"]
[EventDate "2010.10.09"]
[EventType "swiss"]
[EventRounds "9"]
[EventCountry "ESP"]
[Source "lmi"]
[SourceDate "2010.10.09"]

1. e4 d5 2. exd5 Nf6 3. d4 Nxd5 4. f4 e6 5. Nf3 g6 6. c4 Bb4+ 7. Bd2 Bxd2+ 8.
Qxd2 Nf6 9. Bd3 Nc6 10. Bc2 O-O 11. O-O b6 12. Nc3 Bb7 13. Rad1 a5 14. a3 Ne7
15. Nh4 Nf5 16. Nxf5 exf5 17. Rfe1 Re8 18. Rxe8+ Qxe8 19. Ba4 Bc6 20. Bc2 Ne4
21. Qd3 Nxc3 22. Qxc3 Be4 23. Re1 Qe7 24. Qe3 Kf8 25. Ba4 Rd8 26. Qc3 Qf6 27.
Rd1 Rd6 28. Qd2 Bc6 29. Bxc6 Rxc6 30. b3 Re6 31. g3 Qe7 32. d5 Re3 33. Qb2 Kg8
34. Kf2 Qe4 35. Qd2 Qf3+ 36. Kg1 Re2 0-1

[Event "I Memorial Oliver Gonzalez Somoza"]
[Site "Madrid ESP"]
[Date "2010.10.17"]
[Round "9.57"]
[White "Sanchez Millan, Eduardo"]
[Black "Nuñez Alonso, Raul"]
[Result "1-0"]
[WhiteElo "2000"]
[BlackElo "1426"]
[PlyCount "63"]
[EventDate "2010.10.09"]
[EventType "swiss"]
[EventRounds "9"]
[EventCountry "ESP"]
[Source "lmi"]
[SourceDate "2010.10.09"]

1. d4 Nf6 2. c4 e6 3. Nc3 Bb4 4. Qc2 O-O 5. a3 Bxc3+ 6. Qxc3 d5 7. Nf3 b6 8. g3
Bb7 9. Bg2 Nbd7 10. c5 Ne4 11. Qc2 bxc5 12. dxc5 Ndxc5 13. O-O h6 14. Ne1 f5
15. f3 Nf6 16. Qxc5 c6 17. Nd3 Nd7 18. Qd6 Rf6 19. Nc5 Qb6 20. b4 Rd8 21. Kh1
Nxc5 22. Qxc5 e5 23. Bb2 d4 24. f4 e4 25. e3 Rfd6 26. Bxd4 Rxd4 27. Qxb6 axb6
28. exd4 Rxd4 29. Rfd1 c5 30. Kg1 Ba6 31. Bf1 Bb7 32. Kf2 1-0

[Event "I Memorial Oliver Gonzalez Somoza"]
[Site "Madrid ESP"]
[Date "2010.10.17"]
[Round "9.58"]
[White "Tolosana Esteban, Enrique"]
[Black "Molina Garcia, Francisco J"]
[Result "1-0"]
[WhiteElo "1772"]
[BlackElo "1861"]
[PlyCount "47"]
[EventDate "2010.10.09"]
[EventType "swiss"]
[EventRounds "9"]
[EventCountry "ESP"]
[Source "lmi"]
[SourceDate "2010.10.09"]

1. f4 Nf6 2. b3 d5 3. e3 g6 4. Bb2 Bg7 5. Nf3 O-O 6. Be2 c5 7. O-O Nc6 8. Ne5
d4 9. Nxc6 bxc6 10. Na3 Nd5 11. e4 d3 12. Bxg7 dxe2 13. Qxe2 Kxg7 14. exd5 cxd5
15. Rae1 Qa5 16. Nb1 Qxa2 17. Qe5+ Kg8 18. Nc3 Qb2 19. Rb1 Qxc2 20. Nxd5 Rd8
21. Nxe7+ Kf8 22. Nc6 Kg8 23. Nxd8 a6 24. Qe8+ 1-0

[Event "I Memorial Oliver Gonzalez Somoza"]
[Site "Madrid ESP"]
[Date "2010.10.17"]
[Round "9.59"]
[White "Cepas Castillo, Juan Carlos"]
[Black "Vidaurre, Luis"]
[Result "0-1"]
[WhiteElo "1594"]
[BlackElo "1860"]
[PlyCount "60"]
[EventDate "2010.10.09"]
[EventType "swiss"]
[EventRounds "9"]
[EventCountry "ESP"]
[Source "lmi"]
[SourceDate "2010.10.09"]

1. e4 c5 2. Nc3 Nc6 3. g3 d6 4. Bg2 Nf6 5. d3 g6 6. f4 Bg7 7. Nf3 O-O 8. O-O a6
9. h3 b5 10. a3 Bb7 11. Be3 Nd7 12. Rb1 e6 13. Ne2 h6 14. Qd2 Kh7 15. g4 f5 16.
Ng3 fxe4 17. Nxe4 Nb6 18. b3 Nd5 19. Kh2 Nd4 20. c3 Nc2 21. Bf2 Nxa3 22. Ra1 b4
23. Rxa3 bxa3 24. Ra1 Nxf4 25. Bg3 Nxg2 26. Kxg2 Bxe4 27. dxe4 Qf6 28. Rf1 Qxc3
29. Qxc3 Bxc3 30. Bxd6 a2 0-1

[Event "I Memorial Oliver Gonzalez Somoza"]
[Site "Madrid ESP"]
[Date "2010.10.17"]
[Round "9.61"]
[White "Sanchez Lopez, Pedro"]
[Black "Calderon Rojo, Daniel"]
[Result "0-1"]
[WhiteElo "1474"]
[BlackElo "1743"]
[PlyCount "46"]
[EventDate "2010.10.09"]
[EventType "swiss"]
[EventRounds "9"]
[EventCountry "ESP"]
[Source "lmi"]
[SourceDate "2010.10.09"]

1. Nf3 c5 2. e4 d6 3. d4 cxd4 4. Nxd4 Nf6 5. Nc3 g6 6. f3 Bg7 7. Be3 Nc6 8. Qd2
O-O 9. O-O-O Bd7 10. Be2 Rc8 11. g4 Na5 12. h4 Nc4 13. Bxc4 Rxc4 14. h5 a6 15.
hxg6 fxg6 16. g5 Nh5 17. Nf5 Rxc3 18. bxc3 Bxf5 19. exf5 Rxf5 20. Rh3 Qa5 21.
Qe2 Qa3+ 22. Kd2 Bxc3+ 23. Kd3 Ba5+ 0-1